Felsefi risaleler (metin-çeviri)/ (Record no. 60033)
| 000 -BAŞLIK | |
|---|---|
| Sabit Uzunluktaki Kontrol Alanı | 01685nam a22003857a 4500 |
| 001 - KONTROL NUMARASI | |
| Control Dosyası | 0060230 |
| 003 - KONTROL NUMARASI KİMLİĞİ | |
| Kontrol Alanı | KOHA_MİRAKIL |
| 005 - EN SON İŞLEM TARİHİ ve ZAMANI | |
| Kontrol Alanı | 20260207004253.0 |
| 007 - FİZİKSEL TANIM SABİT ALAN - GENEL BİLGİ | |
| Sabit uzunluklu kontrol alanı | ta |
| 008 - SABİT UZUNLUKTAKİ VERİ ÖGELERİ - GENEL BİLGİ | |
| Sabit Alan | 170522b2015 tu |||gr||||#||||0|tur | |
| 020 ## - ISBN - ULUSLARARASI STANDART KİTAP NUMARASI | |
| Isbn | 9789751738202 |
| Nitelik bilgileri | |
| 040 ## - KATALOGLAMA KAYNAĞI | |
| Özgün Kataloglama Kurumu | TR-BiSEU |
| Kataloglama Dili | tur |
| Çeviri Kurumu | TR-BiSEU |
| Açıklama Kuralları | rda |
| 041 0# - DİL KODU | |
| Metin ya da ses kaydının dil kodu | tur |
| 044 ## - YAYINLAYAN/ÜRETEN KURULUŞUN ÜLKE KODU | |
| ISO country code | tu |
| 050 ## - SINIFLAMA ve YER NUMARASI | |
| Sınıflama Numarası | B753 |
| Yer Numarası | .K56 2015 |
| 100 0# - KİŞİ ADI | |
| Yazar Adı (Kişi adı) | Kindi. |
| 245 1# - ESER ADI BİLDİRİMİ | |
| Başlık | Felsefi risaleler (metin-çeviri)/ |
| Sorumluluk Bildirimi | Kindi ; Kindi ; çeviri Mahmut Kaya. |
| 264 #1 - ÜRERİM, YAYIN, DAĞITIM ve TELİF BİLDİRİMİ | |
| Yayın yeri | İstanbul : |
| Yayınlayan | Türkiye Yazma Eserler Kurumu Başkanlığı |
| Yayın tarihi | 2015 |
| 300 ## - FİZİKSEL TANIMLAMA | |
| Sayfa, Cilt vb. | 552 sayfa ; |
| Boyutları | 24 cm. |
| 336 ## - İÇERİK TÜRÜ | |
| Content type term | metin |
| Content type code | txt |
| Source | rdacontent |
| 337 ## - MEDYA TÜRÜ | |
| Media type term | aracısız |
| Media type code | n |
| Source | rdamedia |
| 338 ## - TAŞIYICI TÜRÜ | |
| Carrier type term | cilt |
| Carrier type code | nc |
| Source | rdacarrier |
| 490 1# - DİZİ BİLDİRİMİ | |
| Dizi Bildirimi | Türkiye Yazma Eserler Kurumu Başkanlığı yayınları ; |
| Cilt Numarası | 66. |
| 490 1# - DİZİ BİLDİRİMİ | |
| Dizi Bildirimi | Bilim ve Felsefe serisi ; |
| Cilt Numarası | 29. |
| 500 ## - GENEL NOT | |
| Genel Not | Dizin var. |
| 500 ## - GENEL NOT | |
| Genel Not | Kaynakça var. |
| 505 ## - İÇİNDEKİLER NOTU | |
| İçindekiler Notu | Kendi ve felsefesi - Hayatı - Şahsiyeti - Mutezile ile olan ilişkisi - Tercüme hareketine katkısı - İlimler tasnifi - Metot anlayışı - Bilgi teorisi - Felsefe - Metafizik - Kozmoloji - Psikoloji - Ahlak - Din felsefesi - İlim tarihindeki yeri - Etkisi - Eserleri - Felsefi risaleler... |
| 650 #0 - KONU BAŞLIĞI EK GİRİŞ - KONU TERİMİ | |
| Konusal terim veya coğrafi ad | Kindi, approximately 873--Criticism and interpretation. |
| 9 (RLIN) | 111300 |
| 650 #0 - KONU BAŞLIĞI EK GİRİŞ - KONU TERİMİ | |
| Konusal terim veya coğrafi ad | Kindi, yaklaşık 873-Eleştiri ve yorum. |
| 9 (RLIN) | 111301 |
| 650 #0 - KONU BAŞLIĞI EK GİRİŞ - KONU TERİMİ | |
| Konusal terim veya coğrafi ad | Islamic philosophy-Early works to 1800. |
| 9 (RLIN) | 111302 |
| 650 #0 - KONU BAŞLIĞI EK GİRİŞ - KONU TERİMİ | |
| Konusal terim veya coğrafi ad | İslam felsefesi--1800'den önceki çalışmalar. |
| 9 (RLIN) | 75259 |
| 830 1# - SERİ EK GİRİŞİ - TEKBİÇİM ESER ADI | |
| Tekbiçim Başlık | Türkiye Yazma Eserler Kurumu Başkanlığı yayınları ; |
| Volume number/sequential designation | 66. |
| 9 (RLIN) | 84004 |
| 830 1# - SERİ EK GİRİŞİ - TEKBİÇİM ESER ADI | |
| Tekbiçim Başlık | Bilim ve Felsefe serisi ; |
| Volume number/sequential designation | 29. |
| 9 (RLIN) | 87939 |
| 942 ## - EK GİRİŞ ÖGELERİ (KOHA) | |
| Source of classification or shelving scheme | Library of Congress Classification |
| Koha item type | Book |
| 505 ## - İÇİNDEKİLER NOTU | |
| -- | Eser Türkçe; Arapça metin içerir. |
| Materyal Türü | Kalıcı Konum | Mevcut Konum | Raf Yeri | Sınıflandırma Kaynağı | Edinim Bilgisi | Ana Konular | Alt Konular | Yer Numarası | Demirbaş Numarası | Fatura Tarihi | Geri Çekilme Durumu | Kayıp Durumu | Hasarlı Durumu | Kredi için değil | Kayıt Tarih | Toplam Ödünçverme | Son Görülme Tarihi | Son Kontrol Tarihi | Genel / Bağış Notu |
|---|---|---|---|---|---|---|---|---|---|---|---|---|---|---|---|---|---|---|---|
| Book | Prof. Dr. Azmi Özcan Kütüphanesi | Prof. Dr. Azmi Özcan Kütüphanesi | Uluğbey Salonu | Library of Congress Classification | Bağış | FELSEFE, PSİKOLOJİ, DİN | Felsefe (Genel) | B753 .K56 2015 | 0060230 | 02/02/2026 | 22/05/2017 | 05/12/2024 | 05/12/2024 | Türkiye Yazma Eserler Kurumu Başkanlığı |
